Family : (Record no. 25273)
[ view plain ]
| 000 -LEADER | |
|---|---|
| fixed length control field | 01099nam a22002657a 4500 |
| 003 - CONTROL NUMBER IDENTIFIER | |
| control field | AUA.1 |
| 005 - DATE AND TIME OF LATEST TRANSACTION | |
| control field | 20251121073205.0 |
| 008 - FIXED-LENGTH DATA ELEMENTS--GENERAL INFORMATION | |
| fixed length control field | 251121b |||||||| |||| 00| 0 eng d |
| 020 ## - INTERNATIONAL STANDARD BOOK NUMBER | |
| International Standard Book Number | 9780925675521 |
| 040 ## - CATALOGING SOURCE | |
| Transcribing agency | JTL |
| 050 ## - LIBRARY OF CONGRESS CALL NUMBER | |
| Classification number | BS680.F3 |
| Item number | B52 2023 |
| 245 #0 - TITLE STATEMENT | |
| Title | Family : |
| Remainder of title | with contemporary issues on marriage and parenting / |
| Statement of responsibility, etc | Ekkehardt Mueller and Elias Brasil de Souza, (eds) |
| 260 ## - PUBLICATION, DISTRIBUTION, ETC. (IMPRINT) | |
| Place of publication, distribution, etc | Silver Spring, MD : |
| Name of publisher, distributor, etc | Biblical Research Institute; |
| Date of publication, distribution, etc | 2023. |
| 300 ## - PHYSICAL DESCRIPTION | |
| Extent | xviii, 671 pages ; |
| Dimensions | 23 cm. |
| 490 ## - SERIES STATEMENT | |
| Series statement | Biblical Research Institute studies in Biblical ethics |
| Volume number/sequential designation | Volume 3 |
| 500 ## - GENERAL NOTE | |
| General note | Sabbath School Leadership. |
| 650 ## - SUBJECT ADDED ENTRY--TOPICAL TERM | |
| Topical term or geographic name as entry element | Families |
| Form subdivision | Religious aspects |
| General subdivision | Christianity |
| 650 ## - SUBJECT ADDED ENTRY--TOPICAL TERM | |
| Topical term or geographic name as entry element | Families |
| Form subdivision | Religious aspects |
| General subdivision | Seventh-day Adventists |
| 650 ## - SUBJECT ADDED ENTRY--TOPICAL TERM | |
| Topical term or geographic name as entry element | Marriage |
| Form subdivision | Religious aspects |
| General subdivision | Seventh-day Adventists |
| 650 ## - SUBJECT ADDED ENTRY--TOPICAL TERM | |
| Topical term or geographic name as entry element | Parenting |
| Form subdivision | Religious aspects |
| General subdivision | Seventh-day Adventists |
| 700 ## - ADDED ENTRY--PERSONAL NAME | |
| Personal name | Mueller, Ekkehardt. |
| Relator term | editor |
| 700 ## - ADDED ENTRY--PERSONAL NAME | |
| Personal name | de Souza, Elias Brasil |
| Relator term | editor |
| 830 ## - SERIES ADDED ENTRY--UNIFORM TITLE | |
| Uniform title | SDAPI - Seventh-day Adventist Periodical Index. |
| 942 ## - ADDED ENTRY ELEMENTS (KOHA) | |
| Source of classification or shelving scheme | Library of Congress Classification |
| Koha item type | Books |
| Classification part | BS 680 .F3 |
| Item part | B52 2023 |
| Withdrawn status | Lost status | Source of classification or shelving scheme | Damaged status | Not for loan | Collection code | Home library | Current library | Shelving location | Date acquired | Source of acquisition | Cost, normal purchase price | Serial Enumeration / chronology | Total Checkouts | Full call number | Barcode | Date last seen | Cost, replacement price | Price effective from | Koha item type |
|---|---|---|---|---|---|---|---|---|---|---|---|---|---|---|---|---|---|---|---|
| Library of Congress Classification | Books | Judith Thomas Library | Judith Thomas Library | General Stacks | 21/11/2025 | Bought by JTL | 15.00 | AUA28022 | BS 680 .F3 B52 2023 | AUA28022 | 21/11/2025 | 15.00 | 21/11/2025 | Books |